[Event "NOR-ch Class2"]
[Site "Lillehammer"]
[Date "2013.06.29"]
[Round "8"]
[White "Wister, Tom R"]
[Black "Kallset, Eirik Viken"]
[Result "1/2-1/2"]
[WhiteElo "1609"]
[BlackElo "1528"]
[PlyCount "93"]
[EventDate "2013.06.29"]
[EventType "swiss"]
[EventRounds "9"]
[EventCountry "NOR"]
[SourceTitle "EXT 2017"]
[Source "ChessBase"]
[SourceDate "2016.10.25"]
[SourceVersion "1"]
[SourceVersionDate "2016.10.25"]
[SourceQuality "1"]

1. d4 d5 2. c4 e6 3. Nc3 Nf6 4. Bg5 Nbd7 5. e3 c6 6. cxd5 exd5 7. Bd3 Be7 8. Nf3 0-0 9. 0-0 Ne8 10. Bf4 Bd6 11. Bxd6 Nxd6 12. b4 Nb6 13. Qc2 h6 14. a4 Be6 15. Ne5 Nd7 16. Nxd7 Qxd7 17. b5 cxb5 18. Nxb5 Rfc8 19. Qe2 Nc4 20. Rfc1 a6 21. Nc3 Rc7 22. Qa2 Rac8 23. Ne2 Bf5 24. Bxf5 Qxf5 25. h3 g5 26. Rc3 a5 27. Rac1 b6 28. Qb3 Qe6 29. R1c2 h5 30. Kh2 f5 31. Nc1 Rg7 32. Nd3 Rd8 33. Nb2 Nxb2 34. Qxb2 g4 35. Rc6 Qe4 36. h4 g3+ 37. fxg3 Qxe3 38. R2c3 Qxd4 39. Qe2 Qg4 40. Qe6+ Kh7 41. Qh6+ Kg8 42. Rc8 Rxc8 43. Rxc8+ Kf7 44. Rc7+ Kg8 45. Rc8+ Kf7 46. Rc7+ Kg8 47. Rc8+ 1/2-1/2

[Event "Molde Rose Cup-A"]
[Site "Molde"]
[Date "2003.06.21"]
[Round "2"]
[White "Kallset, Eirik Viken"]
[Black "Morkedal, Oyvind"]
[Result "1/2-1/2"]
[WhiteElo "1413"]
[BlackElo "1231"]
[PlyCount "67"]
[EventDate "2003.06.??"]
[EventType "swiss"]
[EventRounds "5"]
[EventCountry "NOR"]
[SourceTitle "EXT 2006"]
[Source "ChessBase"]
[SourceDate "2005.11.24"]
[SourceVersion "1"]
[SourceVersionDate "2005.11.24"]
[SourceQuality "1"]

1. e4 e5 2. Nf3 Nc6 3. Bb5 d6 4. h3 Nf6 5. Nc3 Be7 6. d4 exd4 7. Nxd4 Bd7 8. Be3 0-0 9. Qd2 Nxd4 10. Qxd4 Be6 11. 0-0-0 a6 12. Bc4 Bxc4 13. Qxc4 b5 14. Qb3 Qd7 15. e5 Ne8 16. exd6 Nxd6 17. Nd5 Rfd8 18. Bc5 Bf8 19. Rhe1 Re8 20. Rxe8 Rxe8 21. Qg3 Re6 22. Nf4 Rf6 23. Nd5 Rg6 24. Qf3 Qd8 25. Ne3 Qf6 26. Qe2 Qg5 27. Bxd6 Rxd6 28. Rxd6 Bxd6 29. Qf3 Qh6 30. Qa8+ Bf8 31. Kb1 Qb6 32. a3 c5 33. Nd5 Qd6 34. Ne3 1/2-1/2